| 000 | 00550nam a2200217 i 4500 | ||
|---|---|---|---|
| 001 | bgj | ||
| 100 | 1 |
_aVONNEGUT, Kurt _d(1922- ) |
|
| 245 | 1 | 0 |
_aCat's craddle / _cKurt Vonnegut, Jr. |
| 260 |
_aNew York : _bA Delta Book, _c[cop. 1963]. |
||
| 300 |
_a233 pp ; _c21 cm. |
||
| 650 | 9 | _aEnd of the world | |
| 650 | 9 | _aAmerican writers, 1945- | |
| 655 | _aFiction | ||
| 655 | _aHumorous stories | ||
| 655 | _aScience fiction | ||
| 655 | _aSatire | ||
| 040 | _cBPK | ||
| 041 | 0 | _aeng | |
| 942 | _cKS | ||
| 008 | s uk f |000 0 eng | ||
| 999 |
_c48398 _d48398 |
||